<?xml version="1.0" encoding="UTF-8"?>
<collection xmlns="http://www.loc.gov/MARC21/slim">
  <record>
    <leader>00000nam  2200000   4500</leader>
    <controlfield tag="001">INLIS000000000018270</controlfield>
    <controlfield tag="005">20240923020659</controlfield>
    <datafield tag="035" ind1="#" ind2="#">
      <subfield code="a">0010-0924000099</subfield>
    </datafield>
    <controlfield tag="007">ta</controlfield>
    <controlfield tag="008">240923###########################0######</controlfield>
    <datafield tag="245" ind1="#" ind2="#">
      <subfield code="a">RUDAL :</subfield>
      <subfield code="b">Ruang Diskusi dan Pelayanan pada Daerah Irigasi /</subfield>
      <subfield code="c">Andi Adnan, S.TST., MT</subfield>
    </datafield>
    <datafield tag="260" ind1="#" ind2="#">
      <subfield code="a">Makassar :</subfield>
      <subfield code="b">Puslatbang KMP LAN RI Makassar,</subfield>
      <subfield code="c">2024</subfield>
    </datafield>
    <datafield tag="300" ind1="#" ind2="#">
      <subfield code="a">20 ;</subfield>
      <subfield code="c">30</subfield>
    </datafield>
    <datafield tag="650" ind1="#" ind2="4">
      <subfield code="a">Pelayanan Pengaduan</subfield>
    </datafield>
    <datafield tag="700" ind1=" " ind2="#">
      <subfield code="a">Nazaruddin Taha, S.T (Mentor)</subfield>
    </datafield>
    <datafield tag="700" ind1=" " ind2="#">
      <subfield code="a">Ahmad Sukarno, S.IP., M. Adm. SDA (Coach)</subfield>
    </datafield>
    <datafield tag="520" ind1="#" ind2="#">
      <subfield code="a">Judul Aksi perubahan kami yaitu RUDAL yang merupakan singkatan (Ruang Diskusi dan Pelayanan pada Daerah Irigasi) yang berfungsi sebagai sarana inovasi pelayanan pengaduan untuk daerah irigasi kabupaten sinjai didasari dari pepatah bugis yakni sisappareng deceng teng sisappareng ja', Sirui menre, teng sirui no', Malilu sipakainge mali siparappe" (Saling memberikan kebaikan bukan kejahatan, Saling tolong menolong tidak saling mencelakakan, Yang lupa diri diingatkan yang hanyut diselamatkan).&#13;
Pengelolaan Jaringan lrigasi sangat penting dalam meningkatkan dan mendukung rantai produksi tanaman dari mulai tumbuh sampai berproduksinya tanaman. Sehingga Kabupaten Sinjai dapat menjadi Pemasok pagi untuk Kabupaten/Kota yang berada di Sulawesi Selatan Khususnya Kabupaten Sinjai.&#13;
Laporan Kegiatan Aksi Perubahan ini akan selalu dilaporkan pada setiap bulannya untuk mencapai tujuan dari Project ini oleh karena itu dibutuhkan semua stakeholder terkait dapat berkontribusi pada aksi perubahan ini. Untuk mempertahankan produksi tanam tersebut diperlukan pengembangan dan pengelola sistem irigasi yang baik. Menteri Pekerjaan Umum dan Perumahan Rakyat telah menerbitkan Permen PUPR Nomor 30/PRT/M/2015 Tentang Pengembangan dan Pengelolaan Sistem Irigasi yang menjadi pedoman baik untuk tingkat pusat, provinsi dan kabupaten/kota. Untuk pengembangan dan pengelolaan daerah irigasi di Kabupaten Sinjai sumber pembiayaan operasi dan pemeliharaan daerah irigasi bersumber dari APBD dengan tingkat kemampuan pembiayaan yang masih di bawah kebutuhan Angka Kebutuhan Nyata Operasi dan Pemeliharaan (AKNOP)</subfield>
    </datafield>
    <datafield tag="856" ind1="#" ind2="#">
      <subfield code="a">Puslatbang KMP LAN RI Makassar</subfield>
    </datafield>
  </record>
</collection>
